000 01361cam a2200289 i 4500
001 112698
005 20230411085737.0
008 130827m2011 cl a 000 0 spa
020 _a9789561021037
020 _a956102103X
041 0 _aspa
050 1 4 _aKHF 5819
_bS586m 2011
100 1 _aSilva Montes, Rodrigo
245 1 0 _aManual de procedimiento penal /
_cRodrigo Silva Montes
260 _aSantiago, Chile :
_bEditorial Jurídica de Chile,
_c2011.
300 _a245 p. ;
_c26 cm.
440 0 _aColección Manuales Jurídicos n°125
520 _aAlgunas cuestiones "orgánicas": De los juzgados de garantía. De los tribunales de juicio oral en lo penal. Algunas cuestiones comunes a los tribunales de garantía y a los de juicio oral en lo penal -- Derecho procesal penal funcional: Disposiciones generales. De los sujetos del proceso. De las medidas cautelares personales. De la nulidad procesal. Del procedimiento ordinario. De los procedimientos especiales. De los recursos procesales. Ejecución de las sentencias condenatorias y medidas de seguridad -- Anexos.
650 0 _aCriminal Procedure.
650 0 _aCriminal Procedure.
_xChile
650 0 _aCriminal Procedural Law.
650 4 _aProcedimiento Penal.
650 4 _aProcedimiento Penal
_xChile.
650 4 _aDerecho Procesal Penal
942 _2lcc
_cbk
946 _almd
999 _c106839
_d106839